A Glossary of Computing Terms / (Record no. 10677)

MARC details
000 -LEADER
fixed length control field 00482nam a22001337a 4500
008 - FIXED-LENGTH DATA ELEMENTS--GENERAL INFORMATION
fixed length control field 090204t xxu||||| |||| 00| 0 eng d
082 ## - DEWEY DECIMAL CLASSIFICATION NUMBER
Edition number 22
Classification number 004.03
Item number COM
245 ## - TITLE STATEMENT
Title A Glossary of Computing Terms /
Statement of responsibility, etc edited by The British Computer Society Schools Committee Glossary Working Party
250 ## - EDITION STATEMENT
Edition statement 7th ed.
260 ## - PUBLICATION, DISTRIBUTION, ETC. (IMPRINT)
Place of publication, distribution, etc London :
Name of publisher, distributor, etc Pitman on behalf of the British Computer Society,
Date of publication, distribution, etc 1991
300 ## - PHYSICAL DESCRIPTION
Extent viii,149p. :
Other physical details ill. ;
Dimensions 21cm.
500 ## - GENERAL NOTE
General note Includes index.
942 ## - ADDED ENTRY ELEMENTS (KOHA)
Source of classification or shelving scheme Dewey Decimal Classification
Item type Book - Borrowing
Holdings
Withdrawn status Item status Source of classification or shelving scheme Damaged status Not for loan Vendor Home library Current library Shelving location Date acquired Source of acquisition Cost, normal purchase price Serial Enumeration / chronology Total Checkouts Full call number Barcode Date last seen Koha item type
    Dewey Decimal Classification     Alahram Central Library Central Library Lower Floor 04/02/2009   30.70 6396   004.03 COM 000014426 15/07/2025 Book - Borrowing